Statistics for WWII Geography

Click here to take the quiz!

General Stats

  • This quiz has been taken 89,881 times
  • The average score is 12 of 21

Answer Stats

HintAnswer% Correct
Region of France where D-Day happenedNormandy
94%
Headquarters of the U.S. Pacific Fleet. Attacked on a day which will live in infamy.Pearl Harbor
89%
Deadliest concentration campAuschwitz
79%
Country that lost the highest % of its prewar populationPoland
74%
German city that was firebombed and destroyed on February 13, 1945Dresden
66%
Country invaded by the USSR in the Winter WarFinland
66%
Where British troops evacuated France in 1940Dunkirk
65%
River on which the battle of Stalingrad was foughtVolga
65%
Key strategic island in the Mediterranean. Long besieged by the Nazis but never captured.Malta
64%
Capital of unoccupied FranceVichy
61%
Group of three countries annexed by the USSR in 1940 and again in 1944{Baltic} States
60%
Pacific island where five marines iconically raised a flagIwo Jima
58%
Former country that formed the core of Germany. Long feared for their efficient military.Prussia
58%
Hitler's chalet in the Bavarian AlpsThe {Eagle}'s Nest
55%
Line of fortresses meant to protect France from Germany{Maginot} Line
52%
Atoll where Japan lost four carriers in 1942Midway
47%
General MacArthur promised to return herePhilippines
46%
River valley where a large amount of German industry was concentratedRuhr
45%
Forest through which Germany invaded FranceThe Ardennes
44%
Town in Egypt that marked the furthest advance of Rommel's tanksEl Alamein
31%
Road from southwest China to Indochina. A key supply route to China.{Burma} Road
18%

Score Distribution

Percentile by Number Answered

Percent of People with Each Score

Your Score History

You have not taken this quiz